|
|
|
|
| LEADER |
02824nam a2200577 a 4500 |
| 001 |
nkc20091966795 |
| 003 |
CZ PrNK |
| 005 |
20100121133411.0 |
| 007 |
ta |
| 008 |
090709s2009 xr f 100 0 eng |
| 015 |
|
|
|a cnb001966795
|
| 020 |
|
|
|a 978-80-248-2023-1
|q (brož.) :
|c neprodejné
|
| 035 |
|
|
|a (OCoLC)500003890
|
| 040 |
|
|
|a BOA001
|b cze
|d ABA001
|
| 043 |
|
|
|a e------
|
| 045 |
|
|
|a y0y0
|
| 072 |
|
7 |
|a 330.5+338
|x Národní hospodářství a hospodářská politika
|2 Konspekt
|9 4
|
| 080 |
|
|
|a 338.2
|2 MRF
|
| 080 |
|
|
|a 338.124.4
|2 MRF
|
| 080 |
|
|
|a 338
|2 MRF
|
| 080 |
|
|
|a (4)
|2 MRF
|
| 080 |
|
|
|a (062.534)
|2 MRF
|
| 080 |
|
|
|a (048.3)
|2 MRF
|
| 111 |
2 |
|
|a Hospodářská politika v zemích EU - Ekonomická krize - výzvy budoucnosti (konference)
|d (2009 :
|c Trojanovice, Česko)
|7 mzk2009508219
|
| 245 |
1 |
0 |
|a Proceedings of abstracts of academic international conference :
|b EU Countries Economic Policies: Economic Crisis - Future Challenges : (16.-18.9.2009, Trojanovice, Czech Republic) /
|c [editor Milan Kaštan]
|
| 246 |
3 |
0 |
|a EU Countries Economic Policies: Economic Crisis - Future Challenges
|
| 250 |
|
|
|a 1. vyd.
|
| 260 |
|
|
|a Ostrava :
|b Vysoká škola báňská - Technická univerzita Ostrava,
|c 2009
|
| 300 |
|
|
|a [5], 36 s. ;
|c 21 cm
|
| 500 |
|
|
|a 100 výt.
|
| 500 |
|
|
|a V prelimináriích souběžný český název: Sborník abstraktů z mezinárodní vědecké konference : Hospodářská politika v zemích EU: Ekonomická krize - výzvy budoucnosti
|
| 500 |
|
|
|a Konferenci organizuje VŠB - Technická univerzita Ostrava, Ekonomická fakulta, katedra národohospodářská a Slezská univerzita v Opavě, Obchodně podnikatelská fakulta v Karviné, katedra ekonomie
|
| 648 |
|
4 |
|a 2008-2010
|
| 650 |
0 |
7 |
|a hospodářská politika
|7 ph114701
|z země Evropské unie
|y 2001-2010
|2 czenas
|
| 650 |
0 |
7 |
|a hospodářská krize
|7 ph120819
|y 2001-2010
|2 czenas
|
| 650 |
0 |
9 |
|a economic policy
|z European Union countries
|y 2001-2010
|2 eczenas
|
| 650 |
0 |
9 |
|a economic crises
|y 2001-2010
|2 eczenas
|
| 651 |
|
7 |
|a země Evropské unie
|7 ge131521
|x hospodářské poměry
|y 2001-2010
|2 czenas
|
| 651 |
|
9 |
|a European Union countries
|x economic conditions
|y 2001-2010
|2 eczenas
|
| 655 |
|
7 |
|a sborníky konferencí
|7 fd133333
|2 czenas
|
| 655 |
|
7 |
|a abstrakta
|7 fd131780
|2 czenas
|
| 655 |
|
9 |
|a proceedings of conferences
|2 eczenas
|
| 655 |
|
9 |
|a abstracts
|2 eczenas
|
| 700 |
1 |
|
|a Kaštan, Milan,
|d 1984-
|7 mzk2009544323
|4 edt
|
| 710 |
2 |
|
|a Vysoká škola báňská - Technická univerzita Ostrava.
|b Národohospodářská katedra
|7 kn20010710069
|
| 710 |
2 |
|
|a Slezská univerzita.
|b Katedra ekonomie
|7 kn20091204010
|
| 910 |
2 |
|
|a BOA001
|b 2-1233.182
|
| 990 |
|
|
|a BK
|
| 995 |
|
|
|a 01
|
| 991 |
|
|
|b 200912
|c NOV
|
| 996 |
6 |
|
|b 2610396238
|c 2-1233.182
|l MZK
|r Sklad / do 1 hodiny
|n 1
|p p.v.
|w 000977423
|u 000010
|a 1
|e BOA001
|j MZK50
|s P
|